000
002510000a22000970004500
100
1
_a
Bonilla A., Plutarco
245
1
0
_a
La mediación del prójimo en la oración
300
_a
Vol. 4, Núm 8 (1982), Páginas 35-55
773
0
_t
Pastoralia
942
_c
ANA
999
_c
53291
_d
53291